Biblical Hebrew : (Record no. 1298)

MARC details
000 -LEADER
fixed length control field 01056cam a2200289 a 4500
001 - CONTROL NUMBER
control field 614344
003 - CONTROL NUMBER IDENTIFIER
control field GBCCL
005 - DATE AND TIME OF LATEST TRANSACTION
control field 20241126110358.0
008 - FIXED-LENGTH DATA ELEMENTS--GENERAL INFORMATION
fixed length control field 920226s1992 miu 001 0 eng
010 ## -
-- 92009728
020 ## - INTERNATIONAL STANDARD BOOK NUMBER
International Standard Book Number 0802805981 (pbk.)
020 ## - INTERNATIONAL STANDARD BOOK NUMBER
International Standard Book Number 9780802805980
040 ## - CATALOGING SOURCE
Original cataloging agency DLC
Transcribing agency DLC
Modifying agency DLC
050 00 -
-- PJ4567.3
-- .K43 1992
082 00 - DEWEY DECIMAL CLASSIFICATION NUMBER
Classification number 492.4
Edition information 20
Item number KEL
100 1# - MAIN ENTRY--PERSONAL NAME
Personal name Kelley, Page H.
9 (RLIN) 2512
245 10 - TITLE STATEMENT
Title Biblical Hebrew :
Remainder of title an introductory grammar /
Statement of responsibility, etc. Page H. Kelley.
260 ## - PUBLICATION, DISTRIBUTION, ETC.
Place of publication, distribution, etc. Grand Rapids, Mich. :
Name of publisher, distributor, etc. W.B. Eerdmans,
Date of publication, distribution, etc. c1992.
300 ## - PHYSICAL DESCRIPTION
Extent xiv, 453 p. ;
Dimensions 26 cm.
500 ## - GENERAL NOTE
General note Accompanied by: A handbook to Biblical Hebrew, an introductory grammar. Grand Rapids, Mich. : Eerdmans, c1994.
500 ## - GENERAL NOTE
General note Includes index.
650 #0 - SUBJECT ADDED ENTRY--TOPICAL TERM
Topical term or geographic name entry element Hebrew language
General subdivision Grammar.
9 (RLIN) 2513
740 02 -
-- Handbook to Biblical Hebrew, an introductory grammar.
906 ## - LOCAL DATA ELEMENT F, LDF (RLIN)
a 7
b cbc
c orignew
d 1
e ocip
f 19
g y-gencatlg
942 ## - ADDED ENTRY ELEMENTS (KOHA)
Source of classification or shelving scheme Dewey Decimal Classification
Koha item type Language
Holdings
Withdrawn status Lost status Source of classification or shelving scheme Damaged status Not for loan Home library Current Library Shelving location Date acquired Total checkouts Full call number Barcode Date last seen Copy number Price effective from Koha item type
    Dewey Decimal Classification     GRACE BIBLE COLLEGE GRACE BIBLE COLLEGE Language 2017-04-24   492.4 KEL 010138 2025-05-01 c.1 2017-04-24 Language
    Dewey Decimal Classification     GRACE BIBLE COLLEGE GRACE BIBLE COLLEGE Language 2021-04-05   492.4 KEL 020183 2025-05-01 c.2 2021-04-05 Language
© Grace Bible College Library 2025